000 00734nam a2200253Ia 4500
003 OSt
005 20220925222917.0
006 a|||||r|||| 00| 0
007 ta
008 220923b |||||||| |||| 00| 0 eng d
020 _a0567205844
037 _cGeneral Book
040 _aRTL
_cRTL
_beng
041 _2eng
_aeng
082 _aXM5:891:(D6,9(B), P4
100 _aNersesian Roy L
_923123
245 0 _aCorporate financial risk management
_b A computer-b
260 _aLondon
_bPvaeger
_c2004
300 _axii,234p
_ccm.
500 _aBibliography P 231
650 _aJoint Stock companies
_9230681
942 _hXM5:891:(D6,9(B), P4
_cGB
_2CC
999 _c578107
_d578107